GSM and UMTS : the creation of global mobile communications (Record no. 186374)
[ view plain ]
| 000 -LEADER | |
|---|---|
| fixed length control field | 00469nam a2200157Ia 4500 |
| 005 - DATE AND TIME OF LATEST TRANSACTION | |
| control field | 20250416151228.0 |
| 008 - FIXED-LENGTH DATA ELEMENTS--GENERAL INFORMATION | |
| fixed length control field | 231217s9999 xx 000 0 und d |
| 020 ## - INTERNATIONAL STANDARD BOOK NUMBER | |
| International Standard Book Number | 9788126523054 |
| 082 ## - DEWEY DECIMAL CLASSIFICATION NUMBER | |
| Classification number | 621.38415 HIL;1 R |
| 100 ## - MAIN ENTRY--PERSONAL NAME | |
| Personal name | Hillebrand, Friedhelm ed. |
| 245 #0 - TITLE STATEMENT | |
| Title | GSM and UMTS : the creation of global mobile communications |
| 260 ## - PUBLICATION, DISTRIBUTION, ETC. (IMPRINT) | |
| Date of publication, distribution, etc. | 2002 |
| Name of publisher, distributor, etc. | Wiley India |
| Place of publication, distribution, etc. | New Delhi |
| 300 ## - PHYSICAL DESCRIPTION | |
| Extent | viii, 582 |
| 650 ## - SUBJECT ADDED ENTRY--TOPICAL TERM | |
| Topical term or geographic name as entry element | GSM,UMTS,creation,global,communications |
| 942 ## - ADDED ENTRY ELEMENTS (KOHA) | |
| Koha item type | Books |
| Date last seen | Total Checkouts | Full call number | Accession number | Old discount | Uniform Resource Identifier | Cost, replacement price | Price effective from | Category | Lost status | Damaged status | Department | Withdrawn status | bill no. | bill date | Permanent Location | Current Location | Shelving location | Entry date | Vendor | Cost, normal purchase price | Grants | Currency symbol | Conversion rate | Discount | Discount type |
|---|---|---|---|---|---|---|---|---|---|---|---|---|---|---|---|---|---|---|---|---|---|---|---|---|---|
| 26/01/2024 | 621.38415 HIL;1 R | 61314 | 25 | digital/contents/61314.pdf | 389.25 | 26/01/2024 | Books | Central Library | RB-071 | 25/02/2014 | Central Library | Central Library | Central Library | Royal Biblioman | 519.00 | CS | RS | 1 | 129.75 | Rupees | |||||
| 26/01/2024 | 621.38415 HIL;2 R1 | 61315 | 25 | digital/contents/61314.pdf | 389.25 | 26/01/2024 | Books | Central Library | RB-071 | 25/02/2014 | Central Library | Central Library | Central Library | Royal Biblioman | 519.00 | CS | RS | 1 | 129.75 | Rupees | |||||
| 26/01/2024 | 621.38415 HIL;3 | 61316 | 25 | digital/contents/61314.pdf | 389.25 | 26/01/2024 | Books | Central Library | RB-071 | 25/02/2014 | Central Library | Central Library | Central Library | Royal Biblioman | 519.00 | CS | RS | 1 | 129.75 | Rupees | |||||
| 26/01/2024 | 621.38415 HIL;4 | 61317 | 25 | digital/contents/61314.pdf | 389.25 | 26/01/2024 | Books | Central Library | RB-071 | 25/02/2014 | Central Library | Central Library | Central Library | Royal Biblioman | 519.00 | CS | RS | 1 | 129.75 | Rupees | |||||
| 26/01/2024 | 621.38415 HIL;5 | 61318 | 25 | digital/contents/61314.pdf | 389.25 | 26/01/2024 | Books | Central Library | RB-071 | 25/02/2014 | Central Library | Central Library | Central Library | Royal Biblioman | 519.00 | CS | RS | 1 | 129.75 | Rupees |
